000 00521nam a2200133Ia 4500
008 100328s9999 xx 000 0 und d
082 _b10135
100 _aसुर्वे सदानंद हरिश्चंद्र
245 _aसंगीत प्रतिज्ञा-साफल्य
260 _bकु.ह.सुर्वे
630 _aसंगीत प्रतिज्ञा-साफल्य
730 _aसंगीत प्रतिज्ञा-साफल्य
942 _cBOOK
999 _c505668
_d505665